000 00195nam a22000977a 4500
082 _a920
_bHIT/M
100 _aADOLF, HITLER
245 _aMEIN KAMPH
246 _aMEIN KAMPH
_bMEIN KAMPH
942 _cBK
999 _c8238
_d8238